000 00528nam a2200193Ia 4500
008 220216s9999 xx 000 0 und d
100 _aMarattukalam J G
245 0 _aLong-term performance of twenty clones of Hevea brasiliensis under large-scale trial in India
260 _bNatural Rubber Research
_c2006
300 _a51-57
650 _aClones
650 _aGrowth
650 _aLarge-scale trial
650 _aYield
700 _aChandrasekhar T R
700 _aGeorge P J
700 _aNazeer M A
942 _cBS
999 _c49010
_d49010